MARC details
| 000 -LEADER |
| fixed length control field |
02424cam a2200529Ii 4500 |
| 001 - CONTROL NUMBER |
| control field |
on1202487913 |
| 003 - CONTROL NUMBER IDENTIFIER |
| control field |
OCoLC |
| 005 - DATE AND TIME OF LATEST TRANSACTION |
| control field |
20210428130407.0 |
| 008 - FIXED-LENGTH DATA ELEMENTS--GENERAL INFORMATION |
| fixed length control field |
200711s2020 enka a 000 1 eng d |
| 040 ## - CATALOGING SOURCE |
| Original cataloging agency |
NZAUC |
| Language of cataloging |
eng |
| Description conventions |
rda |
| Transcribing agency |
NZAUC |
| Modifying agency |
OCLCO |
| -- |
OCLCF |
| -- |
NZWHC |
| -- |
NZGPL |
| -- |
OCL |
| -- |
NZ1 |
| -- |
WACOL |
| 020 ## - INTERNATIONAL STANDARD BOOK NUMBER |
| International Standard Book Number |
9781788008259 |
| Qualifying information |
(hardback) |
| 020 ## - INTERNATIONAL STANDARD BOOK NUMBER |
| International Standard Book Number |
1788008251 |
| Qualifying information |
(hardback) |
| 029 1# - (OCLC) |
| OCLC library identifier |
AU@ |
| System control number |
000068127802 |
| 035 ## - SYSTEM CONTROL NUMBER |
| System control number |
(OCoLC)1202487913 |
| 082 04 - DEWEY DECIMAL CLASSIFICATION NUMBER |
| Classification number |
823.92 |
| Edition number |
23 |
| 092 ## - LOCALLY ASSIGNED DEWEY CALL NUMBER (OCLC) |
| Classification number |
children picture book |
| Item number |
Collins |
| 049 ## - LOCAL HOLDINGS (OCLC) |
| Holding library |
WACL |
| 100 1# - MAIN ENTRY--PERSONAL NAME |
| Personal name |
Collins, Ross, |
| Relator term |
author, |
| -- |
illustrator. |
| 9 (RLIN) |
45562 |
| 245 10 - TITLE STATEMENT |
| Title |
There's a mouse in my house / |
| Statement of responsibility, etc |
Ross Collins. |
| 246 3# - VARYING FORM OF TITLE |
| Title proper/short title |
There is a mouse in my house. |
| 264 #1 - Production, Publication, Distribution, Manufacture, and Copyright Notice. |
| Place of production, publication, distribution, manufacture |
London : |
| Name of producer, publisher, distributor, manufacturer |
Nosy Crow, |
| Date of production, publication, distribution, manufacture, or copyr |
2020. |
| 300 ## - PHYSICAL DESCRIPTION |
| Extent |
28 unnumbered pages : |
| Other physical details |
colour illustrations ; |
| Dimensions |
28 cm |
| 336 ## - Content Type |
| Content type term |
text |
| 336 ## - Content Type |
| Content type term |
still image |
| 337 ## - Media type |
| Media type term |
unmediated |
| 338 ## - Carrier type |
| Carrier type term |
volume |
| 520 ## - SUMMARY, ETC. |
| Summary, etc |
The tables have turned in this hilarious follow-up to There's a Bear on My Chair - this time it's Bear who has an unwelcome guest, and this cheeky mouse just won't leave! He's making a real commotion in Bear's house - eating all the food, listening to loud music and even spilling bathwater all over the floor! But when there's an unexpected knock at the door, Bear decides that perhaps mice aren't so bad after all. |
| 521 ## - TARGET AUDIENCE NOTE |
| Target audience note |
children picture book |
| Source |
amazon |
| 650 #0 - SUBJECT ADDED ENTRY--TOPICAL TERM |
| Topical term or geographic name as entry element |
Dwellings |
| Form subdivision |
Pictorial works |
| -- |
Juvenile fiction. |
| 9 (RLIN) |
6415274 |
| 650 #0 - SUBJECT ADDED ENTRY--TOPICAL TERM |
| Topical term or geographic name as entry element |
Mice |
| Form subdivision |
Pictorial works |
| -- |
Juvenile fiction. |
| 9 (RLIN) |
6415275 |
| 650 #0 - SUBJECT ADDED ENTRY--TOPICAL TERM |
| Topical term or geographic name as entry element |
Bears |
| Form subdivision |
Pictorial works |
| -- |
Juvenile fiction. |
| 9 (RLIN) |
5770833 |
| 650 #7 - SUBJECT ADDED ENTRY--TOPICAL TERM |
| Topical term or geographic name as entry element |
Bears. |
| Source of heading or term |
fast |
| -- |
(OCoLC)fst00829302 |
| 650 #7 - SUBJECT ADDED ENTRY--TOPICAL TERM |
| Topical term or geographic name as entry element |
Dwellings. |
| Source of heading or term |
fast |
| -- |
(OCoLC)fst00899978 |
| 650 #7 - SUBJECT ADDED ENTRY--TOPICAL TERM |
| Topical term or geographic name as entry element |
Mice. |
| Source of heading or term |
fast |
| -- |
(OCoLC)fst01019337 |
| 650 #7 - SUBJECT ADDED ENTRY--TOPICAL TERM |
| Topical term or geographic name as entry element |
Mice - Fiction. |
| Source of heading or term |
sears |
| 9 (RLIN) |
6415276 |
| 655 #0 - INDEX TERM--GENRE/FORM |
| Genre/form data or focus term |
Picture books for children. |
| 655 #7 - INDEX TERM--GENRE/FORM |
| Genre/form data or focus term |
Animal fiction. |
| Source of term |
fast |
| -- |
(OCoLC)fst01982492 |
| 9 (RLIN) |
5748285 |
| 655 #7 - INDEX TERM--GENRE/FORM |
| Genre/form data or focus term |
Humorous fiction. |
| Source of term |
fast |
| -- |
(OCoLC)fst01726649 |
| 655 #7 - INDEX TERM--GENRE/FORM |
| Genre/form data or focus term |
Picture books. |
| Source of term |
fast |
| -- |
(OCoLC)fst01726789 |
| 655 #7 - INDEX TERM--GENRE/FORM |
| Genre/form data or focus term |
Stories in rhyme. |
| Source of term |
fast |
| -- |
(OCoLC)fst01921738 |
| 655 #7 - INDEX TERM--GENRE/FORM |
| Genre/form data or focus term |
Stories in rhyme. |
| Source of term |
lcgft |
| 9 (RLIN) |
6415277 |
| 655 #7 - INDEX TERM--GENRE/FORM |
| Genre/form data or focus term |
Humorous fiction. |
| Source of term |
lcgft |
| 9 (RLIN) |
6415278 |
| 655 #7 - INDEX TERM--GENRE/FORM |
| Genre/form data or focus term |
Animal fiction. |
| Source of term |
lcgft |
| 9 (RLIN) |
5748285 |
| 655 #7 - INDEX TERM--GENRE/FORM |
| Genre/form data or focus term |
Picture books. |
| Source of term |
lcgft |
| 9 (RLIN) |
6415279 |
| 700 1# - ADDED ENTRY--PERSONAL NAME |
| -- |
Sequel to: |
| Personal name |
Collins, Ross. |
| Title of a work |
There's a bear on my chair. |
| 9 (RLIN) |
6415280 |
| 994 ## - |
| -- |
C0 |
| -- |
WACOL |